Talking about delays (Record no. 69094)

MARC details
000 -LEADER
fixed length control field 01498cam a2200289 4500
001 - CONTROL NUMBER
control field ABS64854
008 - FIXED-LENGTH DATA ELEMENTS--GENERAL INFORMATION
fixed length control field 011212n2001 000 0 eng u
035 ## - SYSTEM CONTROL NUMBER
System control number (Sirsi) u115976
100 ## - MAIN ENTRY--PERSONAL NAME
Personal name Atkinson, D
245 ## - TITLE STATEMENT
Title Talking about delays
260 ## - PUBLICATION, DISTRIBUTION, ETC.
Date of publication, distribution, etc. 2001
490 ## - SERIES STATEMENT
Series statement Building
Volume/sequential designation 266(8207) 23 November 2001, 50-51(2)
520 ## - SUMMARY, ETC.
Summary, etc. Examines construction project delays and the issues surrounding the 'prevention principle', extension-of-time clauses and notice clauses. Ilustrates the conflict between the employers right to insist on notice and the contractors need to stop a party benefiting from its own breach of contract with reference to the Australian case "Gaymark Investments Pty Ltd v Walter Construction Group" and the Scottish case "City Inn Ltd v Shepherd Construction Ltd". Concludes that until the law is agreed in this area, notice and liquidated damages clauses should be written to give effect to the prevention principle and the impact of failure to give notice in the terms suggested in the contract.
590 ## - LOCAL NOTE (RLIN)
Local note ABS
650 ## - SUBJECT ADDED ENTRY--TOPICAL TERM
Topical term or geographic name entry element NOTICE CLAUSES
650 ## - SUBJECT ADDED ENTRY--TOPICAL TERM
Topical term or geographic name entry element CONTRACTORS
650 ## - SUBJECT ADDED ENTRY--TOPICAL TERM
Topical term or geographic name entry element CONSTRUCTION PROJECTS
650 ## - SUBJECT ADDED ENTRY--TOPICAL TERM
Topical term or geographic name entry element PREVENTION
650 ## - SUBJECT ADDED ENTRY--TOPICAL TERM
Topical term or geographic name entry element GAYMARK INVESTMENTS PTY LTD V WALTER CONSTRUCTION GROUP PTY LTD
650 ## - SUBJECT ADDED ENTRY--TOPICAL TERM
Topical term or geographic name entry element CITY INN LTD V SHEPHERD CONSTRUCTION LTD
650 ## - SUBJECT ADDED ENTRY--TOPICAL TERM
Topical term or geographic name entry element JCT80
650 ## - SUBJECT ADDED ENTRY--TOPICAL TERM
Topical term or geographic name entry element EXTENSION OF TIME
650 ## - SUBJECT ADDED ENTRY--TOPICAL TERM
Topical term or geographic name entry element DELAYS
650 ## - SUBJECT ADDED ENTRY--TOPICAL TERM
Topical term or geographic name entry element FACILITIES MANAGEMENT
9 (RLIN) 6240
690 ## - LOCAL SUBJECT ADDED ENTRY--TOPICAL TERM (OCLC, RLIN)
Topical term or geographic name as entry element BUILT ENVIRONMENT-BUILDING CONTRACT FORMS
942 ## - ADDED ENTRY ELEMENTS (KOHA)
Suppress in OPAC 0
Holdings
Withdrawn status Lost status Source of classification or shelving scheme Damaged status Not for loan Home library Current library Shelving location Date acquired Total Checkouts Full call number Barcode Date last seen Copy number Price effective from Koha item type
    Dewey Decimal Classification     London London Journal article 12/12/2001   ABS64854 115976-1001 06/08/2019 1 06/08/2019 Journal article